|
|
|
|
| LEADER |
00657cam a2200193 7i4500 |
| 001 |
0000005788 |
| 005 |
20170218090000.0 |
| 020 |
|
|
|a 1566901553 (pbk.)
|
| 020 |
|
|
|a 9781566901550
|
| 090 |
0 |
0 |
|a TA345
|b .C37 1998
|
| 100 |
1 |
|
|a Carman, Paul
|
| 245 |
1 |
0 |
|a CATIA reference guide
|c Paul Carman and Paul Tigwell.
|
| 260 |
|
|
|a Santa Fe, NM:
|b OnWord Press,
|c 1998..
|
| 300 |
|
|
|a xlii, 565 p.:
|b ill.;
|c 23cm.
|
| 500 |
|
|
|a Includes index
|
| 650 |
0 |
0 |
|a Computer-aided engineering --
|x Software
|
| 700 |
1 |
|
|a Tigwell, Paul
|
| 997 |
|
|
|a Communication, Visual Art & Computing, Faculty
|b Computing, Department
|
| 999 |
|
|
|a 0000002883
|b BOK
|c REFERENCE
|e Ground Floor, Bestari Jaya
|